Bilecik Bilecik Bilecik Bilecik Bilecik

Herkes için mikroişlemciler ve bilgisayarlar : (Record no. 2235)

MARC details
000 -BAŞLIK
Sabit Uzunluktaki Kontrol Alanı 01224nam a22003737a 4500
001 - KONTROL NUMARASI
Control Dosyası 0002248
003 - KONTROL NUMARASI KİMLİĞİ
Kontrol Alanı KOHA_MİRAKIL
005 - EN SON İŞLEM TARİHİ ve ZAMANI
Kontrol Alanı 20260207001308.0
007 - FİZİKSEL TANIM SABİT ALAN - GENEL BİLGİ
Sabit uzunluklu kontrol alanı ta
008 - SABİT UZUNLUKTAKİ VERİ ÖGELERİ - GENEL BİLGİ
Sabit Alan 090223b2004 tu |||gr||||#||||0|tur |
020 ## - ISBN - ULUSLARARASI STANDART KİTAP NUMARASI
Isbn 9753162588
040 ## - KATALOGLAMA KAYNAĞI
Özgün Kataloglama Kurumu TR-BiSEU
Kataloglama Dili tur
Çeviri Kurumu TR-BiSEU
Açıklama Kuralları rda
041 0# - DİL KODU
Metin ya da ses kaydının dil kodu tur
044 ## - YAYINLAYAN/ÜRETEN KURULUŞUN ÜLKE KODU
ISO country code tu
050 ## - SINIFLAMA ve YER NUMARASI
Sınıflama Numarası TK7895.M55
Yer Numarası G86 2004
100 1# - KİŞİ ADI
Yazar Adı (Kişi adı) Gümüşkaya, Halûk.
245 1# - ESER ADI BİLDİRİMİ
Başlık Herkes için mikroişlemciler ve bilgisayarlar :
Alt Eseradı vb. Intel ailesi ve IBM PC/
Sorumluluk Bildirimi Halûk Gümüşkaya ; Halûk Gümüşkaya.
250 ## - BASIM BİLDİRİMİ
Basım Bildirimi Göz. geç. 3. bs.
264 #1 - ÜRERİM, YAYIN, DAĞITIM ve TELİF BİLDİRİMİ
Yayın yeri İstanbul :
Yayınlayan Alfa Yayınları
Yayın tarihi 2004
300 ## - FİZİKSEL TANIMLAMA
Sayfa, Cilt vb. XXIV, 430 sayfa: resimli; 25 cm.
336 ## - İÇERİK TÜRÜ
Content type term metin
Content type code txt
Source rdacontent
337 ## - MEDYA TÜRÜ
Media type term aracısız
Media type code n
Source rdamedia
338 ## - TAŞIYICI TÜRÜ
Carrier type term cilt
Carrier type code nc
Source rdacarrier
490 1# - DİZİ BİLDİRİMİ
Dizi Bildirimi Alfa yayınları ;
Cilt Numarası 604.
490 1# - DİZİ BİLDİRİMİ
Dizi Bildirimi Bilgisayar dizisi ;
Cilt Numarası 146
500 ## - GENEL NOT
Genel Not Kaynakça ve dizin var.
500 ## - GENEL NOT
Genel Not Kapakta bs.: Göz. geç. 4. bs.
500 ## - GENEL NOT
Genel Not Kapakta adı: Mikroişlemciler ve bilgisayarlar.
650 #0 - KONU BAŞLIĞI EK GİRİŞ - KONU TERİMİ
Konusal terim veya coğrafi ad Mikroişlemciler.
9 (RLIN) 2133
650 #0 - KONU BAŞLIĞI EK GİRİŞ - KONU TERİMİ
Konusal terim veya coğrafi ad Intel 8XXX dizi mikroişlemciler.
9 (RLIN) 4171
830 1# - SERİ EK GİRİŞİ - TEKBİÇİM ESER ADI
Tekbiçim Başlık Alfa yayınları ;
Volume number/sequential designation 604.
9 (RLIN) 3219
830 1# - SERİ EK GİRİŞİ - TEKBİÇİM ESER ADI
Tekbiçim Başlık Bilgisayar dizisi ;
Volume number/sequential designation 146
9 (RLIN) 2723
942 ## - EK GİRİŞ ÖGELERİ (KOHA)
Source of classification or shelving scheme Library of Congress Classification
Koha item type Book
Holdings
Materyal Türü Kalıcı Konum Mevcut Konum Raf Yeri Sınıflandırma Kaynağı Edinim Bilgisi Ana Konular Alt Konular Yer Numarası Demirbaş Numarası Fatura Tarihi Maliyet, Alış Fiyatı Maliyet, Yenileme Fiyatı Geri Çekilme Durumu Kayıp Durumu Hasarlı Durumu Kredi için değil Kayıt Tarih Toplam Ödünçverme Son Görülme Tarihi Son Kontrol Tarihi Genel / Bağış Notu
Book Prof. Dr. Azmi Özcan Kütüphanesi Prof. Dr. Azmi Özcan Kütüphanesi Birûni Salonu Library of Congress Classification Bağış TEKNOLOJİ Elektrik Mühendisliği, Elektronik, Nükleer Mühendislik TK7895.M55 G86 2004 0002248 13/08/2010 10.00 10.00         23/02/2009 13 05/05/2025 05/05/2025 MYO
Book Prof. Dr. Azmi Özcan Kütüphanesi Prof. Dr. Azmi Özcan Kütüphanesi Birûni Salonu Library of Congress Classification Bağış TEKNOLOJİ Elektrik Mühendisliği, Elektronik, Nükleer Mühendislik TK7895.M55 G86 2004 0002249 13/08/2010 10.00 10.00         23/02/2009 9 05/05/2025 05/05/2025 MYO